1709 1369 1564 1102 1790 1669 1470 1168 1837 1365 1210 1444 1137 1395 1466 1024 1474 1732 1755 1972 1564 1129 1688 1600 1153 1852 1669 1127 1440 1908 1175 1080 1326 1688 1646 1627 1299 1244 1052 1511 1810 1570 1659 1284 1218 1003 1124 1043 1896 1533 1390 1753 1915 1676 1841 1173 1550 1128 1440 1307 1604 1052 1394 1179 1826 1832 1871 1905 1581 1753 1767 1072 1669 1526 1613 1768 1143 1945 1917 1827 1836 1958 1243 1493 1443 1245 1171 1527 1518 1950 1886 1346 1538 1566 1415 1196 1052 1959 1017 BCNSPRNW ULIB Ver.6.0+V

เปลี่ยนเป็นภาษาไทย

Change to English
 แสดงรายละเอียดบรรณานุกรม
  กลับหน้าหลัก

Brief Record : Get Marc (ISO 2709) : E-mail record : QR code < ปิดหน้าต่าง
LEADER : 00000nam 2200000uu 4500
001    13399109327
003     ULIB
008    110329s2550||||th 000 0 tha d
020    9789744140074
050  4 HD30.3^bว417ก 2550
100 1  วัทกินส์, ไมเคิล,^d1956-
245 10 กลยุทธ์คุมเกมการต่อรอง =^bShaping the game :คู่มือพัฒนาทักษะที่สำคัญสำหรับ ผู้นำ เพื่อการ เอาชนะ และควบคุมทุกเกมการต่อรอง /^cโดย Michael Watkins ; แปลและเรียบเรียงโดย, ณัฐยา สินตระการผล
246 31 Shaping the game
250    พิมพ์ครั้งที่ 1
260    กรุงเทพฯ :^bเอ็กซเปอร์เน็ท,^c2550
300    231 หน้า :^bภาพประกอบ ;^c24 ซม.
440  0 ชุด "หนังสือดีจากฮาร์วาร์ด"
650  7 การแก้ปัญหา
650  7 การเจรจาต่อรอง
650  7 การโน้มน้าวใจ
650  7 การสื่อสารในการจัดการ
650  7 ความสามารถทางการบริหาร
700 0  ณัฐยา สินตระการผล,^eผู้แปล
700 1  Watkins, Michael,^d1956-.^tShaping the game : the newleader s guide to effective negotiating
945    ^p250^l0^i029969
945    ^p250^l0^i029968
995    พรรณทิพา ; วราภรณ์ เมฆาวิบูลย์ ; กัลยาณี
999 ^a ใช้งานได้ทุกระบบ
รายการนี้ยังไม่มีแท็ก
คุณยังไม่ได้ล็อกอิน คุณสามารถมีกิจกรรมร่วมกับเว็บไซต์ได้ แต่ต้องล็อกอินก่อน ::
  ล็อกอิน

รายการสื่อสารสนเทศ

ลำดับที่ ประเภท เลขเรียก/บาร์โค้ด สถานที่ สถานะ
1. การศึกษาทั่วไป
การศึกษาทั่วไป
HD30.3 ว417ก 2550 ฉ.2 
  Barcode: 029969
ห้องสมุดวิทยาเขตนครสวรรค์
►หนังสือทั่วไป:l:General Books
บนชั้น

รายการใกล้เคียง
    หัวเรื่อง [การแก้ปัญหา]
    หัวเรื่อง [การเจรจาต่อรอง]
    หัวเรื่อง [การโน้มน้าวใจ]
    หัวเรื่อง [การสื่อสารในการจัดการ]
    หัวเรื่อง [ความสามารถทางการบริหาร]

BibComment


ยังไม่เคยถูกคอมเมนท์

คอมเมนท์ทรัพยากรรายการนี้
  คอมเมนท์: กลยุทธ์คุมเกมการต..


 Copyright 2026. Bcnsprnw @Library